Kansas City Royals 2025 Roster - Statistics

General Stats
  • This quiz has been taken 45 times
  • The average score is 19 of 34
Answer Stats
Jersey # Pos Player % Correct
7 SS Bobby Witt Jr.
100%
11 3B Maikel Garcia
100%
13 C Salvador Perez
100%
19 2B Michael Massey
93%
55 P Cole Ragans
83%
67 P Seth Lugo
83%
28 CF Kyle Isbel
79%
9 1B Vinnie Pasquantino
79%
22 C Carter Jensen
76%
6 2B Jonathan India
76%
52 P Michael Wacha
69%
53 BP Carlos Estevez
62%
14 RF Jac Caglianone
62%
2 2B Tyler Tolbert
62%
26 2B Adam Frazier
59%
50 P Kris Bubic
59%
60 BP Lucas Erceg
55%
17 C Luke Maile
48%
24 P Michael Lorenzen
48%
12 LF Nick Loftin
45%
61 BP Angel Zerpa
41%
18 RF Mike Yastrzemski
41%
65 P Noah Cameron
41%
46 BP John Schreiber
38%
15 RF Randal Grichuk
38%
73 BP Sam Long
38%
41 BP Daniel Lynch IV
34%
58 BP Luinder Avila
31%
36 BP Bailey Falter
28%
45 BP Taylor Clarke
24%
56 BP Hunter Harvey
21%
38 P Ryan Berget
21%
64 BP Steven Cruz
21%
62 BP Jonathan Bowlan
17%
No matching quizzes found
Score Distribution
Percent of People with Each Score
Percentile by Number Answered
Your Score History
You have not taken this quiz